Statistiques concernant Cyclisme - Top 3 de chaque Tour de France - (Sans Yellow Box)

Cliquez ici pour prendre le quiz!

Statistiques générales

  • Ce quiz a été pris 85 fois
  • Le résultat moyen est 95 sur 330

Statistiques - réponses

CoursePositionCoureur% Correct
Tour de France 20161erChris Froome
99%
Tour de France 20122èmeChris Froome
99%
Tour de France 20171erChris Froome
99%
Tour de France 20183èmeChris Froome
99%
Tour de France 20151erChris Froome
99%
Tour de France 20131erChris Froome
99%
Tour de France 20211erTadej Pogacar
99%
Tour de France 20201erTadej Pogacar
99%
Tour de France 20222èmeTadej Pogacar
99%
Tour de France 20232èmeTadej Pogacar
99%
Tour de France 20212èmeJonas Vingegaard
96%
Tour de France 20221erJonas Vingegaard
96%
Tour de France 20231erJonas Vingegaard
96%
Tour de France 20191erEgan Bernal
91%
Tour de France 20162èmeRomain Bardet
91%
Tour de France 20173èmeRomain Bardet
91%
Tour de France 20223èmeGeraint Thomas
90%
Tour de France 20192èmeGeraint Thomas
90%
Tour de France 20181erGeraint Thomas
90%
Tour de France 20123èmeVincenzo Nibali
87%
Tour de France 20141erVincenzo Nibali
87%
Tour de France 20091erAlberto Contador
86%
Tour de France 20071erAlberto Contador
86%
Tour de France 20202èmePrimoz Roglic
86%
Tour de France 20143èmeThibaut Pinot
81%
Tour de France 19811erBernard Hinault
73%
Tour de France 19821erBernard Hinault
73%
Tour de France 19862èmeBernard Hinault
73%
Tour de France 19851erBernard Hinault
73%
Tour de France 19781erBernard Hinault
73%
Tour de France 19842èmeBernard Hinault
73%
Tour de France 19791erBernard Hinault
73%
Tour de France 20093èmeBradley Wiggins
73%
Tour de France 20121erBradley Wiggins
73%
Tour de France 20233èmeAdam Yates
72%
Tour de France 20092èmeAndy Schleck
72%
Tour de France 20101erAndy Schleck
72%
Tour de France 20112èmeAndy Schleck
72%
Tour de France 20113èmeFrank Schleck
72%
Tour de France 20152èmeNairo Quintana
72%
Tour de France 20132èmeNairo Quintana
72%
Tour de France 20163èmeNairo Quintana
72%
Tour de France 19741erEddy Merckx
68%
Tour de France 19721erEddy Merckx
68%
Tour de France 19711erEddy Merckx
68%
Tour de France 19752èmeEddy Merckx
68%
Tour de France 19691erEddy Merckx
68%
Tour de France 19701erEddy Merckx
68%
Tour de France 20082èmeCadel Evans
67%
Tour de France 20072èmeCadel Evans
67%
Tour de France 20111erCadel Evans
67%
Tour de France 20041er(Lance Armstrong)
60%
Tour de France 19991er(Lance Armstrong)
60%
Tour de France 20011er(Lance Armstrong)
60%
Tour de France 20021er(Lance Armstrong)
60%
Tour de France 20031er(Lance Armstrong)
60%
Tour de France 20001er(Lance Armstrong)
60%
Tour de France 20051er(Lance Armstrong)
60%
Tour de France 19742èmeRaymond Poulidor
58%
Tour de France 19642èmeRaymond Poulidor
58%
Tour de France 19663èmeRaymond Poulidor
58%
Tour de France 19623èmeRaymond Poulidor
58%
Tour de France 19723èmeRaymond Poulidor
58%
Tour de France 19693èmeRaymond Poulidor
58%
Tour de France 19763èmeRaymond Poulidor
58%
Tour de France 19652èmeRaymond Poulidor
58%
Tour de France 20213èmeRichard Carapaz
56%
Tour de France 19973èmeMarco Pantani
55%
Tour de France 19981erMarco Pantani
55%
Tour de France 19943èmeMarco Pantani
55%
Tour de France 19611erJacque Anquetil
54%
Tour de France 19593èmeJacques Anquetil
54%
Tour de France 19641erJacques Anquetil
54%
Tour de France 19631erJacques Anquetil
54%
Tour de France 19571erJacques Anquetil
54%
Tour de France 19621erJacques Anquetil
54%
Tour de France 19911erMiguel Indurain
53%
Tour de France 19921erMiguel Indurain
53%
Tour de France 19931erMiguel Indurain
53%
Tour de France 19951erMiguel Indurain
53%
Tour de France 19941erMiguel Indurain
53%
Tour de France 20172èmeRigoberto Uran
53%
Tour de France 20182èmeTom Dumoulin
51%
Tour de France 19892èmeLaurent Fignon
50%
Tour de France 19841erLaurent Fignon
50%
Tour de France 19831erLaurent Fignon
50%
Tour de France 20142èmeJean-Christophe Peraud
47%
Tour de France 19972èmeRichard Virenque
45%
Tour de France 19963èmeRichard Virenque
45%
Tour de France 20153èmeAlejandro Valverde
44%
Tour de France 19962èmeJan Ullrich
44%
Tour de France 20012èmeJan Ullrich
44%
Tour de France 20032èmeJan Ullrich
44%
Tour de France 19982èmeJan Ullrich
44%
Tour de France 20002èmeJan Ullrich
44%
Tour de France 19971erJan Ullrich
44%
Tour de France 20053ème(Jan Ullrich)
44%
Tour de France 19551erLouison Bobet
44%
Tour de France 19503èmeLouison Bobet
44%
Tour de France 19531erLouison Bobet
44%
Tour de France 19541erLouison Bobet
44%
Tour de France 20081erCarlos Sastre
41%
Tour de France 20063èmeCarlos Sastre
41%
Tour de France 19861erGreg Lemond
41%
Tour de France 19843èmeGreg Lemond
41%
Tour de France 19852èmeGreg Lemond
41%
Tour de France 19891erGreg Lemond
41%
Tour de France 19901erGreg Lemond
41%
Tour de France 20203èmeRichie Porte
41%
Tour de France 20133èmeJoaquim Rodriguez
40%
Tour de France 19521erFausto Coppi
37%
Tour de France 19491erFausto Coppi
37%
Tour de France 19732èmeBernard Thévenet
36%
Tour de France 19751erBernard Thévenet
36%
Tour de France 19771erBernard Thévenet
36%
Tour de France 20061erOscar Pereiro
36%
Tour de France 19953èmeBjarne Riis
33%
Tour de France 19961erBjarne Riis
33%
Tour de France 20193èmeSteven Kruijswijk
33%
Tour de France 19381erGino Bartali
32%
Tour de France 19492èmeGino Bartali
32%
Tour de France 19481erGino Bartali
32%
Tour de France 19853èmeStephen Roche
32%
Tour de France 19871erStephen Roche
32%
Tour de France 19632èmeFederico Bahamontes
28%
Tour de France 19643èmeFederico Bahamontes
28%
Tour de France 19591erFederico Bahamontes
28%
Tour de France 19731erLuis Ocana
28%
Tour de France 20033èmeAlexandre Vinokourov
26%
Tour de France 19762èmeJoop Zoetemelk
26%
Tour de France 19822èmeJoop Zoetemelk
26%
Tour de France 19782èmeJoop Zoetemelk
26%
Tour de France 19712èmeJoop Zoetemelk
26%
Tour de France 19792èmeJoop Zoetemelk
26%
Tour de France 19702èmeJoop Zoetemelk
26%
Tour de France 19801erJoop Zoetemelk
26%
Tour de France 19081erLucien Petit-Breton
26%
Tour de France 19071erLucien Petit-Breton
26%
Tour de France 19031erMaurice Garin
26%
Tour de France 19893èmePedro Delgado
26%
Tour de France 19872èmePedro Delgado
26%
Tour de France 19881erPedro Delgado
26%
Tour de France 19722èmeFelice Gimondi
24%
Tour de France 19651erFelice Gimondi
24%
Tour de France 19511erHugo Koblet
23%
Tour de France 19713èmeLucien Van Impe
23%
Tour de France 19753èmeLucien Van Impe
23%
Tour de France 19761erLucien Van Impe
23%
Tour de France 19812èmeLucien Van Impe
23%
Tour de France 19773èmeLucien Van Impe
23%
Tour de France 19613èmeCharly Gaul
22%
Tour de France 19581erCharly Gaul
22%
Tour de France 19553èmeCharly Gaul
22%
Tour de France 19471erJean Robic
22%
Tour de France 20083èmeDenis Menchov
21%
Tour de France 20043èmeIvan Basso
21%
Tour de France 20052èmeIvan Basso
21%
Tour de France 19692èmeRoger Pingeon
21%
Tour de France 19671erRoger Pingeon
21%
Tour de France 20102èmeSamuel Sanchez
21%
Tour de France 19501erFerdi Kubler
19%
Tour de France 19542èmeFerdi Kubler
19%
Tour de France 19231erHenri Pelissier
17%
Tour de France 19142èmeHenri Pelissier
17%
Tour de France 19141erPhilippe Thys
17%
Tour de France 19201erPhilippe Thys
17%
Tour de France 19131erPhilippe Thys
17%
Tour de France 19803èmeRaymond Martin
17%
Tour de France 19561erRoger Walkowiak
17%
Tour de France 19351erRomain Maes
17%
Tour de France 19391erSylvère Maes
17%
Tour de France 19361erSylvère Maes
17%
Tour de France 19681erJan Janssen
15%
Tour de France 19101erOctave Lapize
15%
Tour de France 19932èmeTony Rominger
15%
Tour de France 19992èmeAlex Zulle
14%
Tour de France 19952èmeAlex Zulle
14%
Tour de France 19311erAntonin Magne
14%
Tour de France 19303èmeAntonin Magne
14%
Tour de France 19341erAntonin Magne
14%
Tour de France 19362èmeAntonin Magne
14%
Tour de France 19102èmeFrançois Faber
14%
Tour de France 19091erFrançois Faber
14%
Tour de France 19082èmeFrançois Faber
14%
Tour de France 19601erGastone Nencini
14%
Tour de France 20103èmeJurgen Van Den Broeck
14%
Tour de France 19063èmeLouis Trousselier
14%
Tour de France 19051erLouis Trousselier
14%
Tour de France 19661erLucien Aimar
14%
Tour de France 20003èmeJoseba Beloki
13%
Tour de France 20022èmeJoseba Beloki
13%
Tour de France 20013èmeJoseba Beloki
13%
Tour de France 19251erOtavio Bottecchia
13%
Tour de France 19232èmeOtavio Bottecchia
13%
Tour de France 19241erOtavio Bottecchia
13%
Tour de France 19122èmeEugène Christophe
12%
Tour de France 19193èmeEugène Christophe
12%
Tour de France 19041erHenri Cornet
12%
Tour de France 19203èmeFirmin Lambot
10%
Tour de France 19221erFirmin Lambot
10%
Tour de France 19191erFirmin Lambot
10%
Tour de France 19123èmeGustave Garrigou
10%
Tour de France 19092èmeGustave Garrigou
10%
Tour de France 19132èmeGustave Garrigou
10%
Tour de France 19111erGustave Garrigou
10%
Tour de France 19072èmeGustave Garrigou
10%
Tour de France 19103èmeGustave Garrigou
10%
Tour de France 19211erLéon Scieur
10%
Tour de France 19242èmeNicolas Frantz
10%
Tour de France 19271erNicolas Frantz
10%
Tour de France 19262èmeNicolas Frantz
10%
Tour de France 19281erNicolas Frantz
10%
Tour de France 20062èmeAndreas Kloden
9%
Tour de France 20042èmeAndreas Kloden
9%
Tour de France 19301erAndre Leducq
9%
Tour de France 19321erAndre Leducq
9%
Tour de France 19282èmeAndré Leducq
9%
Tour de France 19902èmeClaudio Chiappucci
9%
Tour de France 19913èmeClaudio Chiappucci
9%
Tour de France 19922èmeClaudio Chiappucci
9%
Tour de France 19873èmeJean-François Bernard
9%
Tour de France 20073ème(Levi Leipheimer)
9%
Tour de France 19512èmeRaphael Géminiani
9%
Tour de France 19583èmeRaphael Geminiani
9%
Tour de France 19331erGeorges Speicher
8%
Tour de France 19912èmeGianni Bugno
8%
Tour de France 19923èmeGianni Bugno
8%
Tour de France 19483èmeGuy Lapébie
8%
Tour de France 19261erLucien Buysse
8%
Tour de France 19252èmeLucien Buysse
8%
Tour de France 19243èmeLucien Buysse
8%
Tour de France 19133èmeMarcel Buysse
8%
Tour de France 19283èmeMaurice De Waele
8%
Tour de France 19291erMaurice De Waele
8%
Tour de France 19272èmeMaurice de Waele
8%
Tour de France 19061erRené Pottier
8%
Tour de France 19392èmeRené Vietto
8%
Tour de France 19371erRoger Lapébie
8%
Tour de France 19343èmeRoger Lapébie
8%
Tour de France 19802èmeHennie Kuiper
6%
Tour de France 19772èmeHennie Kuiper
6%
Tour de France 19682èmeHerman Van Springel
6%
Tour de France 19882èmeStevens Rooks
6%
Tour de France 19983èmeBobby Julich
5%
Tour de France 19121erOdile Defraye
5%
Tour de France 20023èmeRaimondas Rumsas
5%
Tour de France 19903èmeErik Breukink
4%
Tour de France 19883èmeFabio Parra
4%
Tour de France 19993èmeFernando Escartin
4%
Tour de France 19052èmeHippolyte Aucouturier
4%
Tour de France 19733èmeJosé Manuel Fuente
4%
Tour de France 19942èmePiotr Ugrumov
4%
Tour de France 19863èmeUrs Zimmermann
4%
Tour de France 19683èmeFerdinand Bracke
3%
Tour de France 19192èmeJean Alavoine
3%
Tour de France 19222èmeJean Alavoine
3%
Tour de France 19093èmeJean Alavoine
3%
Tour de France 19143èmeJean Alavoine
3%
Tour de France 19783èmeJoaquim Agostinho
3%
Tour de France 19793èmeJoaquim Agostinho
3%
Tour de France 19672èmeJulio Jimenez
3%
Tour de France 19833èmePeter Winnen
3%
Tour de France 19522èmeStan Ockers
3%
Tour de France 19502èmeStan Ockers
3%
Tour de France 19933èmeZenon Jaskula
3%
Tour de France 19482èmeAlbéric Schotte
1%
Tour de France 19832èmeAngel Arroyo
1%
Tour de France 19113èmeEmile Georget
1%
Tour de France 19073èmeEmile Georget
1%
Tour de France 19673èmeFranco Balmamion
1%
Tour de France 19083èmeGeorges Passerieu
1%
Tour de France 19062èmeGeorges Passerieu
1%
Tour de France 19703èmeGosta Pettersson
1%
Tour de France 19493èmeJacques Marinelli
1%
Tour de France 19823èmeJohan Van Der Velde
1%
Tour de France 19032èmeLucien Pothier
1%
Tour de France 19112èmePaul Duboc
1%
Tour de France 19813èmeRobert Alban
1%
Tour de France 19233èmeRomain Bellenger
1%
Tour de France 19743èmeVincente Lopez Carril
1%
Tour de France 19573èmeAdolf Christian
0%
Tour de France 19043èmeAloïs Catteau
0%
Tour de France 19352èmeAmbrogio Morelli
0%
Tour de France 19313èmeAntonio Presenti
0%
Tour de France 19253èmeBartolomeo Aimo
0%
Tour de France 19263èmeBartolomeo Aimo
0%
Tour de France 19523èmeBernando Ruiz
0%
Tour de France 19472èmeEdouard Fachleitner
0%
Tour de France 19382èmeFelicien Vervaecke
0%
Tour de France 19353èmeFelicien Vervaecke
0%
Tour de France 19363èmeFelicien Vervaecke
0%
Tour de France 19223èmeFelix Sellier
0%
Tour de France 19033èmeFernand Augereau
0%
Tour de France 19323èmeFrancesco Camusso
0%
Tour de France 19543èmeFritz Schaer
0%
Tour de France 19533èmeGiancarlo Astrua
0%
Tour de France 19653èmeGianni Motta
0%
Tour de France 19562èmeGilbert Bauvin
0%
Tour de France 19333èmeGiuseppe Martano
0%
Tour de France 19342èmeGiuseppe Martano
0%
Tour de France 19292èmeGiuseppe Pancera
0%
Tour de France 19602èmeGraziano Battistini
0%
Tour de France 19612èmeGuido Carlesi
0%
Tour de France 19202èmeHector Heusghem
0%
Tour de France 19212èmeHector Heusghem
0%
Tour de France 19592èmeHenry Anglades
0%
Tour de France 19213èmeHonoré Barthélemy
0%
Tour de France 19603èmeJan Adriaenssens
0%
Tour de France 19563èmeJan Adriaenssens
0%
Tour de France 19662èmeJan Jansens
0%
Tour de France 19042èmeJean-Baptiste Dortignacq
0%
Tour de France 19053èmeJean-Baptiste Dortignacq
0%
Tour de France 19552èmeJean Brankart
0%
Tour de France 19532èmeJean Malléjac
0%
Tour de France 19312èmeJef Demuysere
0%
Tour de France 19293èmeJef Demuysere
0%
Tour de France 19633èmeJosé Perez Frances
0%
Tour de France 19622èmeJoseph Planckaert
0%
Tour de France 19273èmeJulien Vervaecke
0%
Tour de France 19322èmeKurt Stopel
0%
Tour de France 19302èmeLearco Guerra
0%
Tour de France 19332èmeLearco Guerra
0%
Tour de France 19373èmeLéo Amberg
0%
Tour de France 19513èmeLucien Lazarides
0%
Tour de France 19393èmeLucien Vlaemynck
0%
Tour de France 19572èmeMarcel Janssens
0%
Tour de France 19372èmeMario Vicini
0%
Tour de France 19473èmePierre Brambilla
0%
Tour de France 19383èmeVictor Cosson
0%
Tour de France 19582èmeVito Favero
0%

Distribution des résultats

Percentile par nombre de réponses

% des personnes avec chaque résultat

Votre développement - résultats

Vous n’avez pas pris ce quiz